| 000 | 00742cam a2200253 a 4500 | ||
|---|---|---|---|
| 999 |
_c6497 _d6497 |
||
| 001 | 18350399 | ||
| 003 | OCoLC | ||
| 005 | 20190830162537.0 | ||
| 008 | 880719s1988 tnu 000 0 eng | ||
| 010 | _a88023599 | ||
| 020 | _a0840790368 : | ||
| 020 | _a9780840790361 | ||
| 035 | _a(OCoLC)18350399 | ||
| 040 |
_aDLC _cDLC _dBTCTA _dYDXCP _dAU@ |
||
| 050 | 0 |
_aBT725 _b.S74 1988 |
|
| 082 |
_a241.3 _bS787T |
||
| 100 | 1 | _aStanley, Charles F | |
| 245 | 1 | 0 |
_aTempation: _bWinning the war within ,facing trials, temptations, and inner struggles _cCharles Stanley |
| 260 |
_aNashville, Tenn. : _bOliver-Nelson Books, _cc1988 |
||
| 300 |
_a191 p. ; _c22 cm |
||
| 500 | _aFormerly titled, Temptation | ||
| 650 | 0 | _aTemptation | |
| 942 |
_2ddc _cBK |
||